000 00759nam a2200253Ia 4500
005 20260601193221.0
008 260601s9999||||xx |||||||||||||| ||und||
020 _a978-3-031-47958-8
_qebk
100 _aChristopher L. Buckley
245 0 _aActive Inference
250 _a1st ed. 2024
260 _aHeidelberg, Germany
_bSpringer Nature
_c2024
440 _aCommunications in Computer and Information Science
650 _aComputer Science
700 _aDaniela Cialfi
700 _aHideaki Shimazaki
700 _aMartijn Wisse
700 _aMaxwell Ramstead
700 _aNoor Sajid
700 _aPablo Lanillos
700 _aTim Verbelen
856 _uhttps://link.springer.com/openurl?genre=book&isbn=978-3-031-47958-8
942 _cEB
_2ddc
999 _c55802
_d55802